[Event "DVM U14 2024"]
[Site "Heidelberg GER"]
[Date "2024.12.30"]
[Round "7"]
[White "Steinbrenner, Peter"]
[Black "Dersewski, Jonas"]
[Result "0-1"]
[Termination "normal"]
[Board "3.2"]
[WhiteElo "1946"]
[BlackElo "1738"]
[WhiteClock "00:26:25"]
[BlackClock "00:13:57"]
[WhiteTeam "SK Kaiserslautern 1905"]
[BlackTeam "SC Noris-Tarrasch Nürnberg 1873"]
[PlyCount "134"]
[WhiteFideId "34645535"]
[BlackFideId "34641718"]
[EventCountry "GER"]
[EventRounds "7"]
[EventType "team-swiss"]
[EventDate "2024.12.26"]

1. d4 {[%clk 01:30:48]} {[%emt 00:00:11]} Nf6 {[%clk 01:30:50]} {[%emt
00:00:09]} 2. Nc3 {[%clk 01:31:13]} {[%emt 00:00:05]} d5 {[%clk 01:31:11]}
{[%emt 00:00:10]} 3. Bf4 {[%clk 01:31:37]} {[%emt 00:00:06]} g6 {[%clk
01:31:27]} {[%emt 00:00:14]} 4. h4 {[%clk 01:31:54]} {[%emt 00:00:13]} Bg7
{[%clk 01:29:21]} {[%emt 00:02:36]} 5. e3 {[%clk 01:32:18]} {[%emt 00:00:07]}
c6 {[%clk 01:29:11]} {[%emt 00:00:39]} 6. Bd3 {[%clk 01:32:34]} {[%emt
00:00:14]} Be6 {[%clk 01:27:30]} {[%emt 00:02:11]} 7. Nf3 {[%clk 01:31:40]}
{[%emt 00:01:24]} Bg4 {[%clk 01:22:37]} {[%emt 00:05:23]} 8. Qd2 {[%clk
01:29:43]} {[%emt 00:02:28]} Bxf3 {[%clk 01:22:02]} {[%emt 00:01:05]} 9. gxf3
{[%clk 01:30:09]} {[%emt 00:00:04]} b5 {[%clk 01:20:03]} {[%emt 00:02:29]} 10.
Ne2 {[%clk 01:24:46]} {[%emt 00:05:52]} Nbd7 {[%clk 01:17:17]} {[%emt
00:03:16]} 11. c3 {[%clk 01:11:30]} {[%emt 00:13:47]} Nh5 {[%clk 00:58:11]}
{[%emt 00:19:36]} 12. Bg3 {[%clk 00:56:23]} {[%emt 00:15:36]} Nxg3 {[%clk
00:56:55]} {[%emt 00:01:46]} 13. Nxg3 {[%clk 00:55:53]} {[%emt 00:01:00]} e5
{[%clk 00:46:32]} {[%emt 00:10:53]} 14. h5 {[%clk 00:46:02]} {[%emt 00:10:21]}
Qe7 {[%clk 00:42:23]} {[%emt 00:04:39]} 15. Rg1 {[%clk 00:34:35]} {[%emt
00:11:57]} Qf6 {[%clk 00:36:38]} {[%emt 00:06:15]} 16. Qe2 {[%clk 00:31:54]}
{[%emt 00:03:09]} Nb6 {[%clk 00:19:13]} {[%emt 00:17:57]} 17. dxe5 {[%clk
00:29:25]} {[%emt 00:02:59]} Qxe5 {[%clk 00:19:25]} {[%emt 00:00:18]} 18. f4
{[%clk 00:29:50]} {[%emt 00:00:06]} Qf6 {[%clk 00:18:52]} {[%emt 00:01:02]} 19.
f5 {[%clk 00:28:37]} {[%emt 00:01:43]} g5 {[%clk 00:17:35]} {[%emt 00:01:47]}
20. Qg4 {[%clk 00:24:23]} {[%emt 00:04:42]} h6 {[%clk 00:15:55]} {[%emt
00:02:12]} 21. Kf1 {[%clk 00:21:27]} {[%emt 00:03:26]} Bf8 {[%clk 00:10:18]}
{[%emt 00:06:07]} 22. Re1 {[%clk 00:19:56]} {[%emt 00:02:00]} Bd6 {[%clk
00:09:52]} {[%emt 00:00:57]} 23. e4 {[%clk 00:14:10]} {[%emt 00:06:17]} Kf8
{[%clk 00:08:17]} {[%emt 00:02:05]} 24. exd5 {[%clk 00:13:31]} {[%emt
00:01:09]} Bxg3 {[%clk 00:06:57]} {[%emt 00:01:49]} 25. fxg3 {[%clk 00:09:46]}
{[%emt 00:04:15]} Nxd5 {[%clk 00:07:11]} {[%emt 00:00:16]} 26. Be4 {[%clk
00:07:40]} {[%emt 00:02:35]} Rd8 {[%clk 00:05:32]} {[%emt 00:02:10]} 27. Rg2
{[%clk 00:02:54]} {[%emt 00:05:11]} Kg7 {[%clk 00:04:36]} {[%emt 00:01:31]} 28.
Bxd5 {[%clk 00:01:46]} {[%emt 00:01:39]} Rxd5 {[%clk 00:04:48]} {[%emt
00:00:17]} 29. Rf2 {[%clk 00:02:11]} {[%emt 00:00:05]} Re5 {[%clk 00:03:13]}
{[%emt 00:02:05]} 30. Rxe5 {[%clk 00:01:26]} {[%emt 00:01:15]} Qxe5 {[%clk
00:03:42]} {[%emt 00:00:01]} 31. Qd4 {[%clk 00:01:16]} {[%emt 00:00:40]} Qxd4
{[%clk 00:03:34]} {[%emt 00:00:38]} 32. cxd4 {[%clk 00:01:24]} {[%emt
00:00:23]} Kf6 {[%clk 00:02:30]} {[%emt 00:01:33]} 33. Rc2 {[%clk 00:01:36]}
{[%emt 00:00:18]} Kxf5 {[%clk 00:01:40]} {[%emt 00:01:19]} 34. Rxc6 {[%clk
00:01:43]} {[%emt 00:00:23]} f6 {[%clk 00:00:52]} {[%emt 00:01:19]} 35. Kf2
{[%clk 00:01:29]} {[%emt 00:00:44]} Rd8 {[%clk 00:01:05]} {[%emt 00:00:17]} 36.
Ke3 {[%clk 00:01:21]} {[%emt 00:00:38]} Rd7 {[%clk 00:00:43]} {[%emt 00:00:53]}
37. Rc5+ {[%clk 00:01:01]} {[%emt 00:00:49]} Kg4 {[%clk 00:00:52]} {[%emt
00:00:21]} 38. Rxb5 {[%clk 00:01:19]} {[%emt 00:00:12]} Kxg3 {[%clk 00:01:01]}
{[%emt 00:00:20]} 39. Ke4 {[%clk 00:01:01]} {[%emt 00:00:48]} Kg4 {[%clk
00:00:44]} {[%emt 00:00:47]} 40. d5 {[%clk 00:00:57]} {[%emt 00:00:34]} Kxh5
{[%clk 00:00:44]} {[%emt 00:00:30]} 41. Kf5 {[%clk 00:30:27]} {[%emt 00:01:01]}
Rd6 {[%clk 00:28:50]} {[%emt 00:02:24]} 42. Ke4 {[%clk 00:30:06]} {[%emt
00:00:50]} Kg6 {[%clk 00:24:19]} {[%emt 00:05:00]} 43. Rb3 {[%clk 00:27:39]}
{[%emt 00:02:57]} h5 {[%clk 00:21:46]} {[%emt 00:03:02]} 44. Rd3 {[%clk
00:26:59]} {[%emt 00:01:11]} h4 {[%clk 00:18:08]} {[%emt 00:04:07]} 45. a3
{[%clk 00:25:20]} {[%emt 00:02:10]} g4 {[%clk 00:14:58]} {[%emt 00:03:39]} 46.
Kf4 {[%clk 00:23:33]} {[%emt 00:02:16]} g3 {[%clk 00:15:13]} {[%emt 00:00:15]}
47. Kf3 {[%clk 00:22:49]} {[%emt 00:01:15]} f5 {[%clk 00:14:07]} {[%emt
00:01:35]} 48. Rd4 {[%clk 00:21:05]} {[%emt 00:02:14]} Kg5 {[%clk 00:14:03]}
{[%emt 00:00:34]} 49. b4 {[%clk 00:20:37]} {[%emt 00:00:58]} f4 {[%clk
00:10:29]} {[%emt 00:04:04]} 50. Rxf4 {[%clk 00:20:01]} {[%emt 00:01:06]} Rxd5
{[%clk 00:10:35]} {[%emt 00:00:24]} 51. Rf8 {[%clk 00:20:08]} {[%emt 00:00:23]}
Rf5+ {[%clk 00:09:57]} {[%emt 00:01:08]} 52. Rxf5+ {[%clk 00:20:32]} {[%emt
00:00:06]} Kxf5 {[%clk 00:10:20]} {[%emt 00:00:07]} 53. a4 {[%clk 00:20:54]}
{[%emt 00:00:09]} Ke5 {[%clk 00:10:23]} {[%emt 00:00:26]} 54. a5 {[%clk
00:21:18]} {[%emt 00:00:06]} Kd5 {[%clk 00:10:45]} {[%emt 00:00:08]} 55. b5
{[%clk 00:21:43]} {[%emt 00:00:05]} Kc5 {[%clk 00:11:00]} {[%emt 00:00:14]} 56.
b6 {[%clk 00:22:09]} {[%emt 00:00:04]} axb6 {[%clk 00:11:24]} {[%emt 00:00:06]}
57. axb6 {[%clk 00:22:33]} {[%emt 00:00:06]} Kxb6 {[%clk 00:11:49]} {[%emt
00:00:05]} 58. Kg2 {[%clk 00:22:55]} {[%emt 00:00:08]} Kc5 {[%clk 00:12:13]}
{[%emt 00:00:06]} 59. Kf3 {[%clk 00:23:19]} {[%emt 00:00:06]} Kd4 {[%clk
00:12:31]} {[%emt 00:00:12]} 60. Kg2 {[%clk 00:23:44]} {[%emt 00:00:05]} Ke4
{[%clk 00:12:53]} {[%emt 00:00:08]} 61. Kg1 {[%clk 00:23:59]} {[%emt 00:00:42]}
Kf3 {[%clk 00:12:19]} {[%emt 00:01:03]} 62. Kh1 {[%clk 00:24:20]} {[%emt
00:00:09]} g2+ {[%clk 00:12:33]} {[%emt 00:00:16]} 63. Kg1 {[%clk 00:24:43]}
{[%emt 00:00:07]} h3 {[%clk 00:12:56]} {[%emt 00:00:07]} 64. Kh2 {[%clk
00:25:08]} {[%emt 00:00:05]} Kf2 {[%clk 00:13:21]} {[%emt 00:00:06]} 65. Kxh3
{[%clk 00:25:33]} {[%emt 00:00:04]} g1=Q {[%clk 00:13:45]} {[%emt 00:00:07]}
66. Kh4 {[%clk 00:26:00]} {[%emt 00:00:03]} Qg6 {[%clk 00:14:08]} {[%emt
00:00:07]} 67. Kh3 {[%clk 00:26:25]} {[%emt 00:00:05]} Qg3+ {[%clk 00:13:57]}
{[%emt 00:00:09]} 0-1

[Event "DVM U14 2024"]
[Site "Heidelberg GER"]
[Date "2024.12.30"]
[Round "7"]
[White "Blumenthal Tuset, Sebastian"]
[Black "Arne, Jonas"]
[Result "0-1"]
[Termination "normal"]
[Board "3.3"]
[WhiteElo "1732"]
[BlackElo "1823"]
[WhiteClock "00:27:31"]
[BlackClock "00:16:35"]
[WhiteTeam "SC Noris-Tarrasch Nürnberg 1873"]
[BlackTeam "SK Kaiserslautern 1905"]
[PlyCount "116"]
[WhiteFideId "34604286"]
[BlackFideId "34640398"]
[EventCountry "GER"]
[EventRounds "7"]
[EventType "team-swiss"]
[EventDate "2024.12.26"]

1. e4 {[%clk 01:30:52]} {[%emt 00:00:07]} c5 {[%clk 01:30:56]} {[%emt
00:00:04]} 2. Nf3 {[%clk 01:31:16]} {[%emt 00:00:06]} d6 {[%clk 01:31:21]}
{[%emt 00:00:06]} 3. d4 {[%clk 01:31:36]} {[%emt 00:00:11]} cxd4 {[%clk
01:31:47]} {[%emt 00:00:03]} 4. Nxd4 {[%clk 01:31:59]} {[%emt 00:00:08]} Nf6
{[%clk 01:32:14]} {[%emt 00:00:02]} 5. Nc3 {[%clk 01:32:16]} {[%emt 00:00:13]}
a6 {[%clk 01:32:37]} {[%emt 00:00:08]} 6. Be2 {[%clk 01:31:21]} {[%emt
00:01:25]} e5 {[%clk 01:32:58]} {[%emt 00:00:08]} 7. Nb3 {[%clk 01:31:45]}
{[%emt 00:00:07]} Be7 {[%clk 01:33:09]} {[%emt 00:00:17]} 8. Be3 {[%clk
01:31:58]} {[%emt 00:00:18]} Be6 {[%clk 01:33:30]} {[%emt 00:00:09]} 9. Qd2
{[%clk 01:28:58]} {[%emt 00:03:30]} Nbd7 {[%clk 01:33:30]} {[%emt 00:00:31]}
10. O-O-O {[%clk 01:28:52]} {[%emt 00:00:35]} b5 {[%clk 01:32:42]} {[%emt
00:01:18]} 11. f3 {[%clk 01:24:15]} {[%emt 00:05:07]} h5 {[%clk 01:29:20]}
{[%emt 00:00:24]} 12. Nd5 {[%clk 01:14:40]} {[%emt 00:13:33]} Bxd5 {[%clk
01:28:24]} {[%emt 00:01:26]} 13. exd5 {[%clk 01:15:03]} {[%emt 00:00:08]} Nb6
{[%clk 01:28:08]} {[%emt 00:00:45]} 14. Bxb6 {[%clk 01:14:47]} {[%emt
00:00:45]} Qxb6 {[%clk 01:28:33]} {[%emt 00:00:06]} 15. a3 {[%clk 01:12:40]}
{[%emt 00:02:38]} a5 {[%clk 01:22:43]} {[%emt 00:06:19]} 16. Qd3 {[%clk
01:11:12]} {[%emt 00:01:58]} Rb8 {[%clk 01:22:30]} {[%emt 00:00:42]} 17. Qc3
{[%clk 01:06:53]} {[%emt 00:04:49]} b4 {[%clk 01:20:27]} {[%emt 00:02:34]} 18.
Qc6+ {[%clk 01:02:27]} {[%emt 00:04:56]} Qxc6 {[%clk 01:19:45]} {[%emt
00:01:11]} 19. dxc6 {[%clk 01:02:51]} {[%emt 00:00:07]} bxa3 {[%clk 01:14:30]}
{[%emt 00:05:45]} 20. Ba6 {[%clk 00:58:12]} {[%emt 00:05:09]} Kd8 {[%clk
01:01:00]} {[%emt 00:14:00]} 21. bxa3 {[%clk 00:55:24]} {[%emt 00:03:18]} d5
{[%clk 00:58:28]} {[%emt 00:03:02]} 22. a4 {[%clk 00:54:37]} {[%emt 00:01:16]}
Kc7 {[%clk 00:54:52]} {[%emt 00:04:06]} 23. Bb7 {[%clk 00:51:00]} {[%emt
00:04:08]} Bb4 {[%clk 00:53:33]} {[%emt 00:01:49]} 24. Rd3 {[%clk 00:45:30]}
{[%emt 00:06:00]} d4 {[%clk 00:34:56]} {[%emt 00:19:07]} 25. Nd2 {[%clk
00:30:05]} {[%emt 00:15:54]} Nd5 {[%clk 00:15:07]} {[%emt 00:20:19]} 26. g3
{[%clk 00:25:52]} {[%emt 00:04:42]} Nc3 {[%clk 00:10:45]} {[%emt 00:04:52]} 27.
Nc4 {[%clk 00:25:58]} {[%emt 00:00:24]} Rhe8 {[%clk 00:08:10]} {[%emt
00:03:05]} 28. Rf1 {[%clk 00:15:15]} {[%emt 00:11:12]} Re7 {[%clk 00:05:00]}
{[%emt 00:03:40]} 29. h3 {[%clk 00:11:07]} {[%emt 00:04:39]} f5 {[%clk
00:04:24]} {[%emt 00:01:05]} 30. Rxc3 {[%clk 00:07:14]} {[%emt 00:04:24]} Bxc3
{[%clk 00:04:38]} {[%emt 00:00:16]} 31. Na3 {[%clk 00:07:03]} {[%emt 00:00:41]}
Rxb7 {[%clk 00:04:00]} {[%emt 00:01:08]} 32. cxb7 {[%clk 00:07:07]} {[%emt
00:00:26]} Kxb7 {[%clk 00:04:23]} {[%emt 00:00:07]} 33. Nb5 {[%clk 00:07:19]}
{[%emt 00:00:18]} Bb4 {[%clk 00:04:32]} {[%emt 00:00:21]} 34. Rd1 {[%clk
00:07:07]} {[%emt 00:00:42]} g6 {[%clk 00:01:13]} {[%emt 00:03:49]} 35. Kb2
{[%clk 00:06:30]} {[%emt 00:01:06]} Kb6 {[%clk 00:01:07]} {[%emt 00:00:37]} 36.
f4 {[%clk 00:06:00]} {[%emt 00:01:00]} Kc5 {[%clk 00:00:36]} {[%emt 00:01:01]}
37. fxe5 {[%emt 00:00:28]} Rxe5 {[%clk 00:00:48]} {[%emt 00:00:17]} 38. Rxd4
{[%clk 00:06:21]} {[%emt 00:00:11]} Re3 {[%clk 00:00:42]} {[%emt 00:00:37]} 39.
Rd3 {[%clk 00:06:38]} {[%emt 00:00:13]} Rxd3 {[%clk 00:01:04]} {[%emt
00:00:08]} 40. cxd3 {[%clk 00:07:03]} {[%emt 00:00:05]} Be1 {[%clk 00:01:31]}
{[%emt 00:00:02]} 41. Kb3 {[%clk 00:02:35]} {[%emt 00:04:58]} Bxg3 {[%clk
00:29:16]} {[%emt 00:02:45]} 42. d4+ {[%clk 00:32:49]} {[%emt 00:00:17]} Kc6
{[%clk 00:28:15]} {[%emt 00:01:30]} 43. Kc4 {[%clk 00:32:41]} {[%emt 00:00:39]}
f4 {[%clk 00:27:58]} {[%emt 00:00:47]} 44. Kd3 {[%clk 00:31:58]} {[%emt
00:01:13]} f3 {[%clk 00:24:47]} {[%emt 00:03:41]} 45. Ke3 {[%clk 00:31:22]}
{[%emt 00:01:06]} f2 {[%clk 00:25:02]} {[%emt 00:00:15]} 46. Ke2 {[%clk
00:31:46]} {[%emt 00:00:06]} Kd5 {[%clk 00:24:21]} {[%emt 00:01:10]} 47. Kf1
{[%emt 00:00:32]} Kc4 {[%clk 00:23:30]} {[%emt 00:01:19]} 48. Ke2 {[%clk
00:31:50]} {[%emt 00:00:26]} g5 {[%clk 00:23:25]} {[%emt 00:00:35]} 49. Kf1
{[%clk 00:32:00]} {[%emt 00:00:20]} g4 {[%clk 00:22:39]} {[%emt 00:01:15]} 50.
hxg4 {[%clk 00:32:20]} {[%emt 00:00:10]} hxg4 {[%clk 00:23:05]} {[%emt
00:00:04]} 51. Kg2 {[%clk 00:31:05]} {[%emt 00:01:45]} Kb4 {[%clk 00:19:58]}
{[%emt 00:03:38]} 52. Kf1 {[%clk 00:27:29]} {[%emt 00:04:05]} Kxa4 {[%clk
00:18:15]} {[%emt 00:02:13]} 53. Nc3+ {[%clk 00:27:50]} {[%emt 00:00:09]} Kb4
{[%clk 00:17:23]} {[%emt 00:01:22]} 54. Ne4 {[%clk 00:27:12]} {[%emt 00:01:08]}
Bh4 {[%clk 00:16:45]} {[%emt 00:01:08]} 55. d5 {[%clk 00:27:15]} {[%emt
00:00:27]} a4 {[%clk 00:16:10]} {[%emt 00:01:05]} 56. d6 {[%clk 00:27:38]}
{[%emt 00:00:08]} a3 {[%clk 00:16:28]} {[%emt 00:00:12]} 57. Nxf2 {[%clk
00:27:50]} {[%emt 00:00:18]} a2 {[%clk 00:16:23]} {[%emt 00:00:35]} 58. Nd3+
{[%clk 00:27:31]} {[%emt 00:00:49]} Kb5 {[%clk 00:16:35]} {[%emt 00:00:18]} 0-1

[Event "DVM U14 2024"]
[Site "Heidelberg GER"]
[Date "2024.12.30"]
[Round "7"]
[White "Färber, Anna"]
[Black "Bauer, Laura Sophie"]
[Result "1/2-1/2"]
[Termination "normal"]
[Board "4.1"]
[WhiteElo "1698"]
[BlackElo "1926"]
[WhiteClock "00:41:01"]
[BlackClock "01:14:33"]
[WhiteTeam "SV 1947 Walldorf"]
[BlackTeam "SK Kelheim 1920"]
[PlyCount "48"]
[WhiteFideId "34633480"]
[BlackFideId "16253647"]
[EventCountry "GER"]
[EventRounds "7"]
[EventType "team-swiss"]
[EventDate "2024.12.26"]

1. e4 {[%clk 01:30:53]} {[%emt 00:00:06]} c5 {[%clk 01:30:55]} {[%emt
00:00:06]} 2. Nf3 {[%clk 01:31:09]} {[%emt 00:00:14]} Nc6 {[%clk 01:31:20]}
{[%emt 00:00:05]} 3. d4 {[%clk 01:31:34]} {[%emt 00:00:05]} cxd4 {[%clk
01:31:46]} {[%emt 00:00:05]} 4. Nxd4 {[%clk 01:31:59]} {[%emt 00:00:05]} g6
{[%clk 01:32:10]} {[%emt 00:00:05]} 5. c4 {[%clk 01:32:14]} {[%emt 00:00:14]}
Nf6 {[%clk 01:32:20]} {[%emt 00:00:20]} 6. Nc3 {[%clk 01:32:32]} {[%emt
00:00:12]} d6 {[%clk 01:32:41]} {[%emt 00:00:10]} 7. f3 {[%clk 01:32:48]}
{[%emt 00:00:13]} Nxd4 {[%clk 01:33:04]} {[%emt 00:00:07]} 8. Qxd4 {[%clk
01:33:13]} {[%emt 00:00:05]} Bg7 {[%clk 01:33:23]} {[%emt 00:00:11]} 9. Be3
{[%clk 01:33:36]} {[%emt 00:00:07]} O-O {[%clk 01:33:47]} {[%emt 00:00:06]} 10.
Qd2 {[%clk 01:34:03]} {[%emt 00:00:03]} a6 {[%clk 01:33:57]} {[%emt 00:00:21]}
11. Be2 {[%clk 01:26:32]} {[%emt 00:08:00]} Be6 {[%clk 01:33:58]} {[%emt
00:00:29]} 12. Rc1 {[%clk 01:25:08]} {[%emt 00:01:53]} Qa5 {[%clk 01:33:45]}
{[%emt 00:00:44]} 13. Nd5 {[%clk 01:21:47]} {[%emt 00:03:52]} Qxd2+ {[%clk
01:33:41]} {[%emt 00:00:33]} 14. Kxd2 {[%clk 01:22:08]} {[%emt 00:00:09]} Bxd5
{[%clk 01:32:57]} {[%emt 00:01:14]} 15. cxd5 {[%clk 01:22:22]} {[%emt
00:00:17]} Rfc8 {[%clk 01:32:54]} {[%emt 00:00:33]} 16. b3 {[%clk 01:14:04]}
{[%emt 00:08:49]} Kf8 {[%clk 01:28:36]} {[%emt 00:04:47]} 17. Rxc8+ {[%clk
01:06:21]} {[%emt 00:08:13]} Rxc8 {[%clk 01:29:00]} {[%emt 00:00:06]} 18. Rc1
{[%clk 01:06:47]} {[%emt 00:00:04]} Rxc1 {[%clk 01:29:04]} {[%emt 00:00:26]}
19. Kxc1 {[%emt 00:02:15]} Nd7 {[%clk 01:28:16]} {[%emt 00:00:09]} 20. Kd2
{[%clk 01:04:02]} {[%emt 00:02:38]} Ke8 {[%clk 01:24:42]} {[%emt 00:04:05]} 21.
Bf1 {[%clk 00:59:20]} {[%emt 00:05:11]} e6 {[%clk 01:19:59]} {[%emt 00:05:14]}
22. dxe6 {[%clk 00:51:01]} {[%emt 00:08:49]} fxe6 {[%clk 01:20:19]} {[%emt
00:00:09]} 23. Bc4 {[%clk 00:45:18]} {[%emt 00:06:12]} Kf7 {[%clk 01:18:40]}
{[%emt 00:02:10]} 24. Be2 {[%clk 00:41:01]} {[%emt 00:04:47]} Bf6 {[%clk
01:14:33]} {[%emt 00:04:36]} 1/2-1/2

[Event "DVM U14 2024"]
[Site "Heidelberg GER"]
[Date "2024.12.30"]
[Round "7"]
[White "Ramming, Moritz"]
[Black "Botschek, Marius"]
[Result "1/2-1/2"]
[Termination "normal"]
[Board "4.2"]
[WhiteElo "1769"]
[BlackElo "1788"]
[WhiteClock "00:32:23"]
[BlackClock "00:18:34"]
[WhiteTeam "SK Kelheim 1920"]
[BlackTeam "SV 1947 Walldorf"]
[PlyCount "50"]
[WhiteFideId "34618198"]
[BlackFideId "34629521"]
[EventCountry "GER"]
[EventRounds "7"]
[EventType "team-swiss"]
[EventDate "2024.12.26"]

1. e4 {[%clk 01:30:55]} {[%emt 00:00:04]} c5 {[%clk 01:30:54]} {[%emt
00:00:06]} 2. Nf3 {[%clk 01:31:22]} {[%emt 00:00:04]} Nc6 {[%clk 01:31:19]}
{[%emt 00:00:05]} 3. d4 {[%clk 01:31:44]} {[%emt 00:00:08]} cxd4 {[%clk
01:31:47]} {[%emt 00:00:02]} 4. Nxd4 {[%clk 01:32:07]} {[%emt 00:00:07]} Nf6
{[%clk 01:32:13]} {[%emt 00:00:04]} 5. Nc3 {[%clk 01:32:30]} {[%emt 00:00:07]}
e6 {[%clk 01:32:37]} {[%emt 00:00:06]} 6. a3 {[%clk 01:32:25]} {[%emt
00:00:35]} Be7 {[%clk 01:32:25]} {[%emt 00:00:41]} 7. Be2 {[%clk 01:32:14]}
{[%emt 00:00:40]} O-O {[%clk 01:32:32]} {[%emt 00:00:25]} 8. O-O {[%clk
01:32:16]} {[%emt 00:00:29]} d6 {[%clk 01:31:36]} {[%emt 00:01:25]} 9. Be3
{[%clk 01:31:25]} {[%emt 00:01:20]} a6 {[%clk 01:31:40]} {[%emt 00:00:28]} 10.
Qd2 {[%clk 01:23:14]} {[%emt 00:08:40]} e5 {[%clk 01:16:11]} {[%emt 00:15:59]}
11. Nf3 {[%clk 01:21:07]} {[%emt 00:02:35]} b5 {[%clk 01:06:52]} {[%emt
00:09:52]} 12. Rad1 {[%clk 01:17:28]} {[%emt 00:04:08]} h6 {[%clk 00:54:03]}
{[%emt 00:13:19]} 13. Nh4 {[%clk 01:10:32]} {[%emt 00:07:25]} d5 {[%clk
00:28:11]} {[%emt 00:26:24]} 14. exd5 {[%clk 01:09:16]} {[%emt 00:01:46]} Nxd5
{[%clk 00:28:29]} {[%emt 00:00:12]} 15. Nxd5 {[%clk 01:08:37]} {[%emt
00:01:08]} Bxh4 {[%clk 00:28:52]} {[%emt 00:00:09]} 16. Bb6 {[%clk 01:08:04]}
{[%emt 00:01:02]} Qg5 {[%clk 00:28:54]} {[%emt 00:00:28]} 17. Qxg5 {[%clk
00:57:38]} {[%emt 00:10:56]} Bxg5 {[%clk 00:29:22]} {[%emt 00:00:02]} 18. Bc5
{[%clk 00:57:56]} {[%emt 00:00:12]} Rd8 {[%clk 00:28:55]} {[%emt 00:00:56]} 19.
Nb6 {[%clk 00:55:33]} {[%emt 00:02:54]} Rxd1 {[%clk 00:27:33]} {[%emt
00:01:52]} 20. Rxd1 {[%clk 00:55:55]} {[%emt 00:00:08]} Rb8 {[%clk 00:27:59]}
{[%emt 00:00:04]} 21. Nxc8 {[%clk 00:56:13]} {[%emt 00:00:12]} Rxc8 {[%clk
00:28:19]} {[%emt 00:00:10]} 22. b4 {[%clk 00:55:31]} {[%emt 00:01:13]} Nd4
{[%clk 00:25:27]} {[%emt 00:03:22]} 23. Bd3 {[%clk 00:46:48]} {[%emt 00:09:12]}
Bf6 {[%clk 00:18:28]} {[%emt 00:07:30]} 24. f3 {[%clk 00:39:32]} {[%emt
00:07:45]} g6 {[%clk 00:18:34]} {[%emt 00:00:24]} 25. Kf2 {[%clk 00:32:23]}
{[%emt 00:07:39]} Kg7 {[%emt 00:05:21]} 1/2-1/2

[Event "DVM U14 2024"]
[Site "Heidelberg GER"]
[Date "2024.12.30"]
[Round "7"]
[White "Yan, Haichen"]
[Black "Neumeier, Valentina"]
[Result "1/2-1/2"]
[Termination "normal"]
[Board "4.3"]
[WhiteElo "1732"]
[BlackElo "1877"]
[WhiteClock "01:01:14"]
[BlackClock "00:32:21"]
[WhiteTeam "SV 1947 Walldorf"]
[BlackTeam "SK Kelheim 1920"]
[PlyCount "55"]
[WhiteFideId "34607951"]
[BlackFideId "34608222"]
[EventCountry "GER"]
[EventRounds "7"]
[EventType "team-swiss"]
[EventDate "2024.12.26"]

1. d4 {[%clk 01:30:58]} {[%emt 00:00:02]} d5 {[%clk 01:30:55]} {[%emt
00:00:05]} 2. c4 {[%clk 01:31:22]} {[%emt 00:00:06]} e6 {[%clk 01:31:21]}
{[%emt 00:00:03]} 3. Nc3 {[%clk 01:31:48]} {[%emt 00:00:05]} Nf6 {[%clk
01:31:46]} {[%emt 00:00:05]} 4. cxd5 {[%clk 01:32:12]} {[%emt 00:00:05]} exd5
{[%clk 01:32:07]} {[%emt 00:00:10]} 5. Bg5 {[%clk 01:32:32]} {[%emt 00:00:10]}
Be7 {[%clk 01:32:31]} {[%emt 00:00:05]} 6. e3 {[%clk 01:32:51]} {[%emt
00:00:12]} c6 {[%clk 01:32:55]} {[%emt 00:00:07]} 7. Bd3 {[%clk 01:33:03]}
{[%emt 00:00:17]} O-O {[%clk 01:33:14]} {[%emt 00:00:11]} 8. Nf3 {[%clk
01:33:04]} {[%emt 00:00:29]} Nbd7 {[%clk 01:33:13]} {[%emt 00:00:31]} 9. O-O
{[%clk 01:33:17]} {[%emt 00:00:16]} Re8 {[%clk 01:33:38]} {[%emt 00:00:07]} 10.
Qc2 {[%clk 01:33:16]} {[%emt 00:00:31]} h6 {[%clk 01:34:01]} {[%emt 00:00:07]}
11. Bh4 {[%clk 01:33:36]} {[%emt 00:00:09]} Ne4 {[%clk 01:34:19]} {[%emt
00:00:12]} 12. Bxe7 {[%clk 01:33:54]} {[%emt 00:00:12]} Qxe7 {[%clk 01:34:43]}
{[%emt 00:00:07]} 13. Rab1 {[%clk 01:33:55]} {[%emt 00:00:30]} a5 {[%clk
01:29:58]} {[%emt 00:05:15]} 14. a3 {[%clk 01:33:08]} {[%emt 00:01:17]} Ndf6
{[%clk 01:25:45]} {[%emt 00:04:43]} 15. Rfc1 {[%clk 01:28:33]} {[%emt
00:05:04]} Ng4 {[%clk 01:21:21]} {[%emt 00:04:54]} 16. Nd1 {[%clk 01:22:20]}
{[%emt 00:06:43]} a4 {[%clk 01:19:54]} {[%emt 00:01:56]} 17. h3 {[%clk
01:21:11]} {[%emt 00:01:39]} Ngf6 {[%clk 01:19:04]} {[%emt 00:01:21]} 18. Nc3
{[%clk 01:15:17]} {[%emt 00:06:23]} Nxc3 {[%clk 01:14:18]} {[%emt 00:05:16]}
19. Qxc3 {[%clk 01:13:38]} {[%emt 00:02:09]} Ne4 {[%clk 01:13:37]} {[%emt
00:01:11]} 20. Qc2 {[%clk 01:13:31]} {[%emt 00:00:37]} Qf6 {[%clk 01:01:13]}
{[%emt 00:12:55]} 21. Qe2 {[%clk 01:09:25]} {[%emt 00:04:35]} Nd6 {[%clk
00:46:12]} {[%emt 00:15:31]} 22. Ne5 {[%clk 01:08:35]} {[%emt 00:01:20]} Bf5
{[%clk 00:43:10]} {[%emt 00:03:32]} 23. Bxf5 {[%clk 01:07:44]} {[%emt
00:01:21]} Qxf5 {[%clk 00:41:48]} {[%emt 00:01:51]} 24. Qf3 {[%clk 01:07:20]}
{[%emt 00:00:54]} Qxf3 {[%clk 00:39:11]} {[%emt 00:03:07]} 25. gxf3 {[%clk
01:04:50]} {[%emt 00:03:00]} f6 {[%clk 00:38:39]} {[%emt 00:01:02]} 26. Nd7
{[%clk 01:04:30]} {[%emt 00:00:51]} Nc4 {[%clk 00:38:31]} {[%emt 00:00:37]} 27.
Rc2 {[%clk 01:04:10]} {[%emt 00:00:50]} b5 {[%clk 00:32:21]} {[%emt 00:06:41]}
28. Nc5 {[%clk 01:01:14]} {[%emt 00:03:26]} 1/2-1/2